000 00478nam a22001697a 4500
003 NUST - PNEC
005 20170116180856.0
008 150829b xxu||||| |||| 00| 0 eng d
020 _a0201598817
040 _cLIBRARY
082 _a620.00151 MAL
100 _95983
_aMalek-Madani, Reza
245 _aAdvanced engineering mathematics with Mathematica and MATLAB
_cReza,Malek-Madani
260 _cc 1998
650 _95984
_aMathematica (Computer file)
_xME
942 _2ddc
_cBK
999 _c64796
_d64796